| 000 | 00542nam a2200181Ia 4500 | ||
|---|---|---|---|
| 008 | 140609s9999 xx 000 0 und d | ||
| 020 | _a9780415626392 | ||
| 050 |
_aHD 30.28 _b.N4813 2013 |
||
| 100 | _aNeves, Marcos Fava. | ||
| 245 |
_aDemand driven strategic planning / _cMarcos Fava Neves |
||
| 260 |
_aNew York : _bRoutledge, _cc2013. |
||
| 300 |
_a180 p. : _bill. ; _c25 cm. |
||
| 500 | _aIncludes bibliographical references and index. | ||
| 521 | _aBSBA | ||
| 650 | _aBusiness networks. | ||
| 942 |
_kFOR _cBK |
||
| 999 |
_c117936 _d117936 |
||